La plus grande ville du Canada par province - Statistiques

Statistiques générales
  • Ce quiz a été pris 91 fois
  • Le résultat moyen est 8 sur 13
Réponses sur la Carte
Les réponses sont colorées sur une échelle allant du rouge au vert en fonction du pourcentage des utilisateurs qui les ont devinées à leur premier essai. Vous pouvez retrouver ces pourcentages ci-dessous.
 
Statistiques - réponses
Province / Territoire Ville % Correct
Québec Montreal
99%
Ontario Toronto
93%
Colombie-Britannique Vancouver
91%
Alberta Calgary
86%
Manitoba Winnipeg
71%
Nouvelle-Écosse Halifax
62%
Nouveau-Brunswick Saint John
58%
Territoires du Nord-Ouest Yellowknife
58%
Saskatchewan Saskatoon
51%
Territoire du Yukon Whitehorse
50%
Île-du-Prince-Édouard Charlottetown
43%
Nunavut Iqaluit
39%
Terre-Neuve-et-Labrador St. John's
39%
Aucun quiz correspondant
Distribution des résultats
% des personnes avec chaque résultat
Percentile par nombre de réponses
Votre historique - résultats
Vous n’avez pas pris ce quiz